00000000nas 2200000za 4500
0019.501439
003CaOODSP
00520230404144951
007cr |||||||||||
008150406d19972003xxc|| p o||||f|   |0fre|d
022 |a1486-8318
040 |aCaOODSP|bfre
043 |an-cn---
0861 |aEn1-28/1F-PDF
1101 |aCanada. |bEnvironnement Canada, |eauteur, |eorganisme de publication.
24510|aBulletin science et environnement |h[ressource électronique]
2461 |iTitre de renvoi : |aScience et environnement, bulletin
260 |aOttawa - Ontario : |bEnvironnement Canada
310 |aBimestriel
3621 |aParaît depuis [Décembre 1997]; ne paraît plus après n° 34, mars/avril 2003.
500 |a«Présentera des informations importantes et d'actualité sur des sujets, comme les changement climatiques, le smog, la nature et les produits toxiques.»--Page 1.
5203 |aPrésentera des informations importantes et d'actualité sur des sujets, comme les changement climatiques, le smog, la nature et les produits toxiques.--Page 1
77508|tScience and the environment bulletin |w(CaOODSP)9.505040
7760#|tScience and the environment bulletin |w(CaOODSP)9.508404
7760#|tScience et environnement, bulletin |w(CaOODSP)9.508405